| 000 | 00441cam a22001814a 4500 | ||
|---|---|---|---|
| 005 | 20250605164244.0 | ||
| 008 | 250528s ||||||||||||||||||||||||d | ||
| 035 | _a21439 | ||
| 040 |
_aGR-AtMCL _bgre _dGR-AtMCL _eAACR2 |
||
| 245 | 1 | _aΣΧΕΔΙΟ | |
| 250 | _a2 | ||
| 260 |
_bΕυγενιδου, _c1985 |
||
| 300 | _a216 | ||
| 700 | 1 |
_aΔειμεζης Αριστειδης _97477 |
|
| 942 | _cBK | ||
| 999 |
_c6501 _d6501 |
||